| 000 | 00536nam a2200181Ia 4500 | ||
|---|---|---|---|
| 008 | 100921s9999 xx 000 0 und d | ||
| 082 |
_b19220 _a891.463 थ 84 |
||
| 100 | _aकाळे वैजयंती. | ||
| 245 | _aमालक. | ||
| 260 |
_bराजेश प्रकाशन,मुंबई. _c1984 |
||
| 300 |
_a175 _b--- |
||
| 365 | _b36 | ||
| 520 | _aललित-कादंबरी. | ||
| 630 | _aमालक. | ||
| 650 | _aललित-कादंबरी. | ||
| 730 | _aमालक. | ||
| 942 | _cBOOK | ||
| 999 |
_c768333 _d768330 |
||